Entry Nome pessoal
001 - NÚMERO DE CONTROLE
- campo de controle: 518
003 - IDENTIFICADOR DO NÚMERO DE CONTROLE
- campo de controle: Br
005 - DATA E HORÁRIO DA ÚLTIMA TRANSAÇÃO
- campo de controle: 20250315171446.0
008 - CAMPO DE DADOS FIXOS
- campo de controle de tamanho fixo: 990810|| acnnnaab| aaaa d
024 7# - OUTRO IDENTIFICADOR PADRÃO
- Número padrão ou código: http://viaf.org/viaf/29529595
- Fonte: VIAF
024 7# - OUTRO IDENTIFICADOR PADRÃO
- Número padrão ou código: http://id.loc.gov/authorities/names/n79071094
- Fonte: LCCN
035 ## - NÚMERO DE CONTROLE DO SISTEMA
- Número de Controle do Sistema: 101060422005386167
040 ## - FONTE DA CATALOGAÇÃO
- Instituição da catalogação original: Br
- Instituição que transcreveu o registro: Br
- Convenções de cabeçalho de assunto/tesauros: Br
- Idioma da catalogação: por
100 1# - CABEÇALHO--NOME PESSOAL
- Nome pessoal: Balzac, Honoré de,
- Datas associadas ao nome: 1799-1850
400 1# - REMISSIVA VER--NOME PESSOAL
- Nome pessoal: Saint-Aubin, Horace de
- Datas associadas ao nome: 1799-1850
400 1# - REMISSIVA VER--NOME PESSOAL
- Nome pessoal: De Balzac, Honoré
- Datas associadas ao nome: 1799-1850
400 1# - REMISSIVA VER--NOME PESSOAL
- Nome pessoal: Balzac, H. de
- Forma completa do nome: Honoré de)
- Datas associadas ao nome: 1799-1850
400 1# - REMISSIVA VER--NOME PESSOAL
- Nome pessoal: Balzac, Honorato
- Datas associadas ao nome: 1799-1850
670 ## - FONTE POSITIVA DOS DADOS
- Citação da fonte positiva dos dados: Autor de: Ilusões perdidas. [1982?]
670 ## - FONTE POSITIVA DOS DADOS
- Citação da fonte positiva dos dados: http://authorities.loc.gov 8/2/11
- Dados encontrados na fonte localizada no subcampo: (D., rems.)
670 ## - FONTE POSITIVA DOS DADOS
- Citação da fonte positiva dos dados: http://en.wikipedia.org/wiki/Honor%C3%A9_de_Balzac
- Dados encontrados na fonte localizada no subcampo: (Honoré de Balzac nasceu em Tours, no dia 20 de maio de 1799 e faleceu em Paris, no dia 18 de agosto de 1850, foi um escritor francês)
670 ## - FONTE POSITIVA DOS DADOS
- Citação da fonte positiva dos dados: LC Authorities 13/04/2020
- Dados encontrados na fonte localizada no subcampo: (rems.)
670 ## - FONTE POSITIVA DOS DADOS
- Citação da fonte positiva dos dados: https://catalogue.bnf.fr/ark:/12148/cb118900414 1304/2020
- Dados encontrados na fonte localizada no subcampo: (D. ; romancista, dramaturgo, jornalista, impressor, fundador e editor de tipos)